000 00753cab a2200277 4500
001 ABS51021
008 090401t1994 xxu||||| |||| 00| 0 eng d
035 _a(Sirsi) u5389
041 _aeng
245 _aTender/building cost forecast
260 _c1994
350 _a0
490 _aBuilding Economist
_vJuly 1994, 12-14(3)
520 _aCost indices from Davis Langdon & Everest.
650 _aBUILDING COST INDEX
650 _aDAVIS LANGDON & EVEREST
650 _aELECTRICAL COST INDEX
650 _aFORECASTS
650 _aMECHANICAL COST INDEX
650 _aRECOVERY
650 _aREGIONAL TRENDS
650 _aBCIS ALL-IN TENDER PRICE INDEX
690 _aBUILT ENVIRONMENT-BUILDING COSTS
942 _n0
948 _c04/03/1997
999 _c3205
_d3205